[Event "NOR-ch Clubs 2017"]
[Site "Kristiansund"]
[Date "2017.10.22"]
[Round "5"]
[White "Jacobsen, Fredrik Lytomt"]
[Black "Lobersli, Henrik Oie"]
[Result "0-1"]
[WhiteElo "1413"]
[BlackElo "2047"]
[Annotator "NA"]
[PlyCount "108"]
[EventDate "2017.??.??"]
[EventType "team-tourn"]
[EventCountry "NOR"]
[SourceTitle "playchess.com"]
[Source "ChessBase"]
[SourceQuality "1"]
[TimeControl "40/5400:1800"]

1. d4 {[%emt 0:00:02]} Nf6 {[%emt 0:01:43]} 2. Nc3 {[%emt 0:00:11]} d5 {[%emt 0:00:33]} 3. Bf4 {[%emt 0:00:18]} c5 {[%emt 0:00:59]} 4. e3 {[%emt 0:00:38]} cxd4 {[%emt 0:01:12]} 5. exd4 {[%emt 0:00:05]} a6 {[%emt 0:00:40] B13: Caro-Kann: Exchange Variation and Panov-Botvinnik Attack} 6. Bd3 {[%emt 0:01:42] LiveBook: 22 Games} (6. Nf3 Nc6 7. Ne5 Bf5 8. g4 Nxe5 9. gxf5 Nc6 10. Qd3 g6 11. O-O-O Bg7 12. h4 Nb4 13. Qe2 gxf5 {1-0 (38) Aronian,L (2799)-Le,Q (2739) Saint Louis 2017}) 6... Nc6 {[%emt 0:01:07]} 7. Nge2 {[%emt 0:01:28]} Bg4 {[%emt 0:01:44]} 8. Qd2 {[%emt 0:01:44]} e6 {[%emt 0:02:53]} 9. O-O $146 {[%emt 0:05:01]} ({Predecessor:} 9. a3 Bd6 10. f3 Bh5 11. Bxd6 Qxd6 12. Na4 Nd7 13. b4 {0-1 (45) Jozefek,M (2198)-Bagi,M (2456) Slovakia 2017}) 9... Bh5 {[%emt 0:07:46]} 10. a3 {[%emt 0:04:13]} Bd6 {[%emt 0:01:11]} 11. Rfe1 {[%emt 0:08:22]} O-O {[%emt 0:01:25]} 12. h3 {[%emt 0:06:01]} b5 {[%emt 0:04:22]} 13. Qe3 {[%emt 0:08:54]} Bg6 {[%emt 0:02:22]} 14. Bxg6 {[%emt 0:02:20]} hxg6 {[%emt 0:00:07]} 15. Bxd6 {[%emt 0:08:53]} Qxd6 {[%emt 0:00:08]} 16. Nf4 {[%emt 0:04:17]} Na5 {[%emt 0:03:58]} 17. b3 {[%emt 0:02:12]} Rfc8 {[%emt 0:01:26]} 18. Rec1 {[%emt 0:02:22]} Rc7 {[%emt 0:01:18]} 19. Nce2 {[%emt 0:02:14]} Rac8 {[%emt 0:02:20]} 20. Ra2 {[%emt 0:01:32]} Ne4 {[%emt 0:03:46]} 21. b4 {[%emt 0:04:26]} Nc3 {[%emt 0:12:18]} 22. Raa1 {[%emt 0:02:07]} Nxe2+ {[%emt 0:00:39]} 23. Nxe2 {[%emt 0:00:05]} Nc4 {[%emt 0:01:02]} 24. Qd3 {[%emt 0:01:20]} Nb6 {[%emt 0:01:55]} 25. c3 {[%emt 0:01:32]} Na4 {[%emt 0:03:31]} 26. Ra2 {[%emt 0:01:14]} Qe7 {[%emt 0:01:43]} 27. Rac2 {[%emt 0:01:19]} Qf6 {[%emt 0:00:47]} 28. Qe3 {[%emt 0:02:04]} Nb6 {[%emt 0:07:54]} 29. Nf4 {[%emt 0:01:39]} Qf5 $15 {[%emt 0:05:29]} 30. Ne2 {[%emt 0:01:40]} Nc4 {[%emt 0:02:42]} 31. Qg3 {[%emt 0:00:03]} Rc6 {[%emt 0:04:20]} 32. Ra2 {[%emt 0:01:22]} Qe4 {[%emt 0:02:17]} 33. Qf4 {[%emt 0:00:54]} Qxf4 {[%emt 0:00:51]} 34. Nxf4 {[%emt 0:00:05]} Nb6 {[%emt 0:00:16]} 35. Ne2 {[%emt 0:00:51]} Na4 {[%emt 0:00:23]} 36. Rac2 {[%emt 0:00:07]} g5 {[%emt 0:00:28]} 37. Kh2 {[%emt 0:00:22]} f6 {[%emt 0:00:24]} 38. f4 {[%emt 0:01:45]} gxf4 {[%emt 0:00:23]} 39. Nxf4 {[%emt 0:00:03]} Kf7 {[%emt 0:00:41]} 40. Ne2 {[%emt 0:00:24]} e5 {[%emt 0:30:18]} 41. dxe5 {[%emt 0:30:31]} fxe5 {[%emt 0:00:13]} 42. Kg3 {[%emt 0:00:57]} d4 {[%emt 0:00:00]} 43. Kf3 {[%emt 0:00:00]} d3 {[%emt 0:00:00]} 44. Rd2 {[%emt 0:00:00]} dxe2 {[%emt 0:00:00]} 45. Kxe2 {[%emt 0:00:00]} Ke6 {[%emt 0:00:00]} 46. Re1 {[%emt 0:00:00]} Nxc3+ {[%emt 0:00:00]} 47. Kf1 {[%emt 0:00:00]} Rd6 {[%emt 0:00:00]} 48. Rc2 {[%emt 0:00:00]} Rc4 {[%emt 0:00:00]} 49. Rec1 {[%emt 0:00:00]} Rd3 {[%emt 0:00:00]} 50. Ke1 {[%emt 0:00:00]} e4 {[%emt 0:00:00]} 51. g4 {[%emt 0:00:00]} Rxh3 {[%emt 0:00:00]} 52. g5 {[%emt 0:00:00]} e3 {[%emt 0:00:00]} 53. Rxc3 {[%emt 0:00:00]} Rh1+ {[%emt 0:00:00]} 54. Ke2 {[%emt 0:00:00]} Rxc1 {[%emt 0:00:00]} 0-1

[Event "NOR-ch Clubs 2017"]
[Site "Kristiansund"]
[Date "2017.10.22"]
[Round "6"]
[White "Tari, Aryan"]
[Black "David, Edwin"]
[Result "1-0"]
[WhiteElo "2578"]
[BlackElo "2211"]
[Annotator "TA"]
[PlyCount "63"]
[EventDate "2017.??.??"]
[EventType "team-tourn"]
[EventCountry "NOR"]
[SourceTitle "playchess.com"]
[Source "ChessBase"]
[SourceQuality "1"]

{[%evp 16,63,2,3,7,9,24,0,12,3,75,57,68,59,120,122,115,118,133,120,119,108,94,106,119,119,114,119,119,106,114,119,127,114,118,104,139,108,105,112,337,311,476,439,587,587,938,920,844,451]} 1. c4 e5 2. Nc3 Nf6 3. Nf3 Nc6 4. e3 d5 5. cxd5 Nxd5 6. Bb5 Nxc3 7. bxc3 Bd6 8. e4 O-O {A28: Englische Eröffnung (Vierspringer-Variante)} 9. O-O {LiveBook: 6 Partien} Bg4 (9... Qf6 10. d4 Bg4 11. Be3 Qg6 12. Bd3 Rad8 13. d5 Ne7 14. Nh4 Qh5 15. f3 Bc8 16. Bf2 {½-½ (61) Bocharov,D (2579)-Kozionov,K (2437) Voronezh 2017}) 10. h3 Bd7 {Die Stellung ist ausgeglichen.} 11. Bc4 $146 ({Vorgänger:} 11. Re1 Qe8 12. Bf1 h6 13. d4 Rd8 14. d5 Na5 15. Nh4 {1-0 (26) Bataev,E (2269)-Vostrikov,A Russia 2000}) 11... Qe7 12. Re1 Ba3 (12... Na5 $11 {bleibt in der Remisbreite.} 13. Bd5 c6) 13. d4 Bxc1 14. Rxc1 Rad8 {[#]} ({Günstiger ist} 14... Kh8 $14) 15. Bd5 $1 $16 exd4 16. cxd4 Qf6 17. Qb3 Na5 18. Qa3 c6 19. e5 Qh6 20. Qxa5 cxd5 21. Qxa7 Bc6 22. Qc5 Rfe8 23. Rc3 Qf4 24. Rce3 Ra8 25. a3 Re6 26. g3 Qf5 27. Kg2 g5 $2 {[#]} (27... Ra4 $16 {ist eine bessere Verteidigung.} 28. Nh4 Qg5) 28. Nh2 $18 {[%cal Bf3h2,Bh2g4,Bg4e3][%mdl 32]} Ra4 (28... Rg6 $142 29. Ng4 Kh8) 29. Ng4 {Weiß steht klar auf Gewinn.} Rc4 30. Qb6 Kg7 31. Rf3 Qc2 32. Ne3 {Precision: Weiß = 56%, Schwarz = 34%.} 1-0

[Event "NOR-ch Clubs 2017"]
[Site "Kristiansund"]
[Date "2017.10.22"]
[Round "6"]
[White "Urkedal, Frode"]
[Black "Nyland, Thomas"]
[Result "1-0"]
[WhiteElo "2570"]
[BlackElo "2152"]
[Annotator "TA"]
[PlyCount "57"]
[EventDate "2017.??.??"]
[EventType "team-tourn"]
[EventCountry "NOR"]
[SourceTitle "playchess.com"]
[Source "ChessBase"]
[SourceQuality "1"]

{[%evp 20,57,76,69,79,74,63,68,84,50,57,63,73,61,96,92,88,72,183,175,187,182,177,145,235,183,204,170,145,144,225,241,228,241,254,231,363,254,464,469]} 1. d4 Nf6 2. c4 g6 3. Nc3 Bg7 4. e4 d6 5. Nf3 O-O 6. h3 Nbd7 7. Be3 e5 8. d5 a5 9. g4 {E90: King's Indian: Classical: Early deviations and 6 h3} b6 (9... Nc5 10. Nd2 c6 11. Be2 a4 12. g5 Nfd7 13. h4 f6 14. Qc2 fxg5 15. hxg5 Nb6 16. O-O-O cxd5 17. cxd5 a3 18. b3 Bd7 19. Kb1 {1-0 (38) Svetushkin,D (2561)-Saric,I (2651) Karlsruhe 2016}) 10. Be2 Nc5 11. Nd2 {LiveBook: 3 Games. White is better.} Bd7 12. h4 {[%cal Bh3h4,Bh4h5][%mdl 32]} Qc8 {[%cal Rf6g4]} 13. Rg1 c6 14. h5 $146 ({Predecessor:} 14. g5 Nh5 15. Bxc5 bxc5 16. Bxh5 gxh5 17. Qxh5 {1-0 (50) Khachatryan,V (2163)-Gusev,D (2062) Alushta 2009}) 14... cxd5 15. cxd5 b5 {[%cal Bb6b5,Bb5b4][%mdl 32]} 16. Rc1 {Strongly threatening h6.} b4 17. Nb5 Bxb5 18. Bxb5 {Black must now prevent Nc4.} Nfd7 (18... Qb8 $16) 19. Nc4 $18 Qb8 20. Bc6 Ra6 21. Qe2 Ra7 (21... Rc8 $16 22. f3 Rcxc6) 22. Bxd7 Rxd7 23. Bxc5 dxc5 24. g5 f5 (24... a4 $16 25. Qe3 Qb5) 25. h6 ({But not} 25. Nxa5 $6 Qa7 $16) 25... Bh8 26. Ne3 ({Much less strong is} 26. Nxa5 $6 Qa7) 26... Qb6 27. Qc4 Rdf7 (27... fxe4 $142 28. Qxc5 Qb8) 28. Qxc5 Qa6 $2 {[#]} (28... Qxc5 29. Rxc5 fxe4) 29. Qc6 {Precision: White = 83%, Black = 47%.} 1-0

[Event "NOR-ch Clubs 2017"]
[Site "Kristiansund"]
[Date "2017.10.22"]
[Round "6"]
[White "Holm, Kristian Stuvik"]
[Black "Lundeby, Oyvind Andersen"]
[Result "1-0"]
[WhiteElo "2433"]
[BlackElo "2155"]
[Annotator "TA"]
[PlyCount "57"]
[EventDate "2017.??.??"]
[EventType "team-tourn"]
[EventCountry "NOR"]
[SourceTitle "playchess.com"]
[Source "ChessBase"]
[SourceQuality "1"]

{[%evp 12,57,25,31,39,35,39,37,50,37,63,37,34,31,36,25,30,44,79,0,43,43,109,96,125,115,202,142,269,190,227,188,416,400,376,370,364,360,416,374,369,111,558,556,953,953,1285,1271]} 1. d4 d5 2. c4 c6 3. Nc3 Nf6 4. cxd5 cxd5 5. f3 (5. Bf4 Nc6 6. e3 Bf5 7. Qb3 Na5 8. Qa4+ Bd7 9. Qc2 e6 10. Bd3 Be7 11. Nf3 Nc6 12. a3 Nh5 13. Be5 f6 14. Bf4 Nxf4 15. exf4 g6 {½-½ (80) Rapport,R (2675)-Najer,E (2707) Tbilisi 2017}) 5... Nc6 6. e4 {[%cal Be2e4,Be4e5][%mdl 32] D10: Slav Defence: 3 cxd5 (without early Nf3) and 3 Nc3} e6 7. e5 {LiveBook: 4 Games} Nd7 8. f4 {White is slightly better.} Nb6 9. Nf3 Bd7 10. Bd3 a5 $146 ({Predecessor:} 10... Be7 11. O-O Rc8 12. Qe2 a6 {½-½ (60) Lokander,M (2369)-Gungl,T (2062) Marianske Lazne 2016}) 11. a4 Nb4 12. Bb1 Rc8 13. O-O {[%cal Be1g1,Bg1g2,Bg2f2][%mdl 32]} g6 14. g4 h5 {[#]} 15. h3 (15. f5 $1 $16 {[%cal Rf5g6]} gxf5 16. gxf5 Rg8+ 17. Kh1 exf5 18. Nb5) 15... hxg4 16. hxg4 Nc4 (16... Be7 $14) 17. Kg2 $16 Be7 18. Rh1 Rg8 (18... Rf8 $16) 19. Rh7 $18 Bc6 (19... Rf8 $16 20. Ne2 b5) 20. Kf2 Qd7 21. Qh1 Rc7 $2 {[#]} (21... Kd8 {might work better.} 22. b3 Nb6 23. Rxf7 Qe8) 22. Rh8 Rf8 23. Rxf8+ Bxf8 24. Qh8 Qe7 25. f5 gxf5 26. b3 $2 (26. gxf5 $18 {is more deadly. Black must now prevent Bg5.} Kd7 27. Ne2) 26... Nb6 $2 {[%mdl 8192]} ({Avoid the trap} 26... fxg4 $2 27. Bg5 $18) (26... Nb2 $16) 27. Bg5 {White is clearly winning.} Qd7 28. gxf5 exf5 29. Nh4 {Precision: White = 80%, Black = 27%.} 1-0

[Event "NOR-ch Clubs 2017"]
[Site "Kristiansund"]
[Date "2017.10.22"]
[Round "6"]
[White "Risting, Eivind Olav"]
[Black "Darnell, Anton"]
[Result "1/2-1/2"]
[WhiteElo "2335"]
[BlackElo "2078"]
[Annotator "ChessBase"]
[PlyCount "101"]
[EventDate "2017.??.??"]
[EventType "team-tourn"]
[EventCountry "NOR"]
[SourceTitle "playchess.com"]
[Source "ChessBase"]
[SourceQuality "1"]
[TimeControl "40/5400:1800"]

1. Nf3 {[%emt 0:02:28]} Nf6 {[%emt 0:00:56]} 2. g3 {[%emt 0:01:53]} d5 {[%emt 0:00:14]} 3. Bg2 {[%emt 0:00:07]} e6 {[%emt 0:02:01]} 4. c4 {[%emt 0:00:35]} Be7 {[%emt 0:00:48]} 5. d4 {[%emt 0:01:16]} O-O {[%emt 0:00:34]} 6. Qc2 {[%emt 0:00:05]} c5 {[%emt 0:02:04]} 7. O-O {[%emt 0:01:05]} Nc6 {[%emt 0:13:45]} 8. dxc5 {[%emt 0:03:23]} Qa5 {[%emt 0:07:32]} 9. cxd5 {[%emt 0:05:33]} exd5 {[%emt 0:06:15]} 10. Bg5 {[%emt 0:09:00]} Nb4 {[%emt 0:03:53]} 11. Qc1 {[%emt 0:03:44]} h6 {[%emt 0:08:52]} 12. Be3 {[%emt 0:12:19]} Ne4 {[%emt 0:04:21]} 13. Nbd2 {[%emt 0:03:19]} Bxc5 {[%emt 0:05:43]} 14. Bxc5 {[%emt 0:08:23]} Qxc5 {[%emt 0:00:02]} 15. Nxe4 {[%emt 0:00:18]} Qxc1 {[%emt 0:00:06]} 16. Nf6+ {[%emt 0:01:29]} gxf6 {[%emt 0:00:02]} 17. Rfxc1 {[%emt 0:00:09]} Be6 {[%emt 0:00:43]} 18. Nd4 {[%emt 0:00:55]} Rac8 {[%emt 0:00:27]} 19. a3 {[%emt 0:00:42]} Nc6 {[%emt 0:03:57]} 20. Nxc6 {[%emt 0:03:20]} Rxc6 {[%emt 0:00:11]} 21. Rxc6 {[%emt 0:00:19]} bxc6 {[%emt 0:00:01]} 22. Rc1 {[%emt 0:00:09]} Rb8 {[%emt 0:00:09]} 23. b4 {[%emt 0:01:35]} a5 {[%emt 0:00:03]} 24. bxa5 {[%emt 0:06:27]} Rb5 {[%emt 0:00:03]} 25. h4 {[%emt 0:06:14]} Rxa5 {[%emt 0:00:51]} 26. Rxc6 {[%emt 0:00:25]} Rxa3 {[%emt 0:00:11]} 27. Rc2 {[%emt 0:05:26]} Ra1+ {[%emt 0:01:15]} 28. Kh2 {[%emt 0:00:21]} Rd1 {[%emt 0:00:22]} 29. Bf3 {[%emt 0:00:45]} Kg7 {[%emt 0:02:58]} 30. Kg2 {[%emt 0:01:29]} Bf5 {[%emt 0:01:24]} 31. Rc3 {[%emt 0:02:42]} Be4 {[%emt 0:01:18]} 32. g4 {[%emt 0:02:55]} d4 {[%emt 0:01:05]} 33. Rc4 {[%emt 0:00:21]} Bxf3+ {[%emt 0:01:38]} 34. Kxf3 {[%emt 0:00:01]} d3 {[%emt 0:00:24]} 35. e3 {[%emt 0:00:02]} d2 {[%emt 0:00:37]} 36. Rd4 {[%emt 0:00:01]} Rh1 {[%emt 0:00:58]} 37. Rxd2 {[%emt 0:00:05]} Rxh4 {[%emt 0:00:11]} 38. Rd1 {[%emt 0:00:18]} h5 {[%emt 0:01:15]} 39. gxh5 {[%emt 0:00:11]} Rxh5 {[%emt 0:00:15]} 40. Rg1+ {[%emt 0:00:01]} Kf8 {[%emt 0:30:18]} 41. Kf4 {[%emt 0:00:38]} Ra5 {[%emt 0:00:00]} 42. e4 {[%emt 0:00:16]} Ra2 {[%emt 0:00:00]} 43. f3 {[%emt 0:00:06]} Ra5 {[%emt 0:00:00]} 44. Rd1 {[%emt 0:00:28]} Ke7 {[%emt 0:00:00]} 45. Rd5 {[%emt 0:00:25]} Ra3 {[%emt 0:00:00]} 46. Rb5 {[%emt 0:00:23]} Ke6 {[%emt 0:00:00]} 47. Rb7 {[%emt 0:00:27]} Ra5 {[%emt 0:00:00]} 48. Kg4 {[%emt 0:01:18]} Rg5+ {[%emt 0:00:00]} 49. Kf4 {[%emt 0:00:15]} Ra5 {[%emt 0:00:00]} 50. Kg4 {[%emt 0:00:14]} Rg5+ {[%emt 0:00:00]} 51. Kf4 {[%emt 0:00:04]} 1/2-1/2

[Event "NOR-ch Clubs 2017"]
[Site "Kristiansund"]
[Date "2017.10.22"]
[Round "6"]
[White "Moen, Andreas"]
[Black "Tofte, Sondre Waage"]
[Result "0-1"]
[WhiteElo "2331"]
[BlackElo "2169"]
[Annotator "NA"]
[PlyCount "72"]
[EventDate "2017.??.??"]
[EventType "team-tourn"]
[EventCountry "NOR"]
[SourceTitle "playchess.com"]
[Source "ChessBase"]
[SourceQuality "1"]
[TimeControl "40/5400:1800"]

1. e4 {[%emt 0:01:10]} e5 {[%emt 0:00:09]} 2. Nf3 {[%emt 0:00:37]} Nc6 {[%emt 0:00:06]} 3. Bb5 {[%emt 0:01:27]} a6 {[%emt 0:00:10]} 4. Ba4 {[%emt 0:00:58]} Nf6 {[%emt 0:00:12]} 5. O-O {[%emt 0:00:26]} Be7 {[%emt 0:00:11]} 6. Re1 {[%emt 0:00:21]} b5 {[%emt 0:00:11]} 7. Bb3 {[%emt 0:00:04]} d6 {[%emt 0:00:08]} 8. c3 {[%emt 0:01:17]} O-O {[%emt 0:00:10]} 9. h3 {[%emt 0:00:20]} Na5 {[%emt 0:00:20]} 10. Bc2 {[%emt 0:00:06]} c5 {[%emt 0:00:05]} 11. d4 {[%emt 0:01:30]} Qc7 {[%emt 0:01:00]} 12. Nbd2 {[%emt 0:03:55]} cxd4 {[%emt 0:00:24]} 13. cxd4 {[%emt 0:01:23]} Nc6 {[%emt 0:00:16]} 14. Nf1 {[%emt 0:06:58]} Nxd4 {[%emt 0:04:46]} 15. Nxd4 {[%emt 0:00:12]} exd4 {[%emt 0:00:04]} 16. Bg5 {[%emt 0:04:02]} h6 {[%emt 0:06:00]} 17. Bh4 {[%emt 0:01:54]} Bb7 {[%emt 0:01:37]} 18. Rc1 {[%emt 0:00:55]} Qb6 {[%emt 0:01:42]} 19. Ng3 {[%emt 0:07:07]} g6 {[%emt 0:21:44]} 20. Ne2 {[%emt 0:03:18]} d3 {[%emt 0:04:49]} 21. Bxd3 {[%emt 0:01:33]} Nxe4 {[%emt 0:01:07]} 22. Bxe4 {[%emt 0:07:51]} Bxh4 {[%emt 0:00:06]} 23. Nd4 {[%emt 0:03:05]} d5 {[%emt 0:05:38]} 24. Bb1 {[%emt 0:00:13]} Bf6 {[%emt 0:01:16]} 25. Nf3 {[%emt 0:01:14]} Bxb2 {[%emt 0:00:32]} 26. Rc2 {[%emt 0:00:21]} Bf6 {[%emt 0:00:24]} 27. Ne5 {[%emt 0:11:05]} Rad8 {[%emt 0:01:48]} 28. Rce2 {[%emt 0:03:52]} d4 {[%emt 0:06:27]} 29. Nxg6 {[%emt 0:04:24]} fxg6 {[%emt 0:01:34]} 30. Qd3 {[%emt 0:02:04]} Rd7 {[%emt 0:09:19]} 31. Re6 {[%emt 0:04:07]} Qc7 {[%emt 0:00:35]} 32. Qxg6+ {[%emt 0:03:37]} Rg7 {[%emt 0:00:07]} 33. Qxh6 {[%emt 0:00:11]} Rxg2+ {[%emt 0:00:20]} 34. Kf1 {[%emt 0:00:14]} Rxf2+ {[%emt 0:00:08]} 35. Kxf2 {[%emt 0:00:14]} Qh2+ {[%emt 0:00:10]} 36. Kf1 {[%emt 0:00:07]} Qg2# {[%emt 0:00:04]} 0-1

[Event "NOR-ch Clubs 2017"]
[Site "Kristiansund"]
[Date "2017.10.22"]
[Round "6"]
[White "Royset, Pal"]
[Black "Wetle Hoem, Tor"]
[Result "1-0"]
[WhiteElo "2234"]
[BlackElo "1965"]
[Annotator "NA"]
[PlyCount "57"]
[EventDate "2017.??.??"]
[EventType "team-tourn"]
[EventCountry "NOR"]
[SourceTitle "playchess.com"]
[Source "ChessBase"]
[SourceQuality "1"]
[TimeControl "40/5400:1800"]

1. d4 {[%emt 0:00:24]} Nf6 {[%emt 0:00:27]} 2. Nf3 {[%emt 0:00:42]} g6 {[%emt 0:00:28]} 3. c4 {[%emt 0:01:24]} Bg7 {[%emt 0:00:08]} 4. Nc3 {[%emt 0:00:07]} d5 {[%emt 0:00:04]} 5. cxd5 {[%emt 0:00:52]} Nxd5 {[%emt 0:00:14]} 6. Na4 {[%emt 0:01:42]} Bg4 {[%emt 0:09:19]} 7. e4 {[%emt 0:08:32]} Bxf3 {[%emt 0:01:19]} 8. gxf3 {[%emt 0:02:59]} Nb4 {[%emt 0:03:13]} 9. d5 {[%emt 0:05:33]} c6 {[%emt 0:10:17]} 10. Qb3 {[%emt 0:01:42]} b5 {[%emt 0:11:29]} 11. Qxb4 {[%emt 0:08:18]} bxa4 {[%emt 0:04:58]} 12. Qxa4 {[%emt 0:09:40]} O-O {[%emt 0:02:24]} 13. Bc4 {[%emt 0:01:57]} Qd7 {[%emt 0:01:00]} 14. Be3 {[%emt 0:04:58]} Bxb2 {[%emt 0:02:12]} 15. Rb1 {[%emt 0:00:41]} Bc3+ {[%emt 0:01:15]} 16. Ke2 {[%emt 0:00:05]} cxd5 {[%emt 0:04:17]} 17. Qxd7 {[%emt 0:00:12]} Nxd7 {[%emt 0:00:10]} 18. Bxd5 {[%emt 0:00:16]} Rac8 {[%emt 0:01:43]} 19. Bxa7 {[%emt 0:01:53]} e6 {[%emt 0:01:42]} 20. Bb7 {[%emt 0:05:30]} Rc7 {[%emt 0:01:19]} 21. Rhc1 {[%emt 0:01:34]} Be5 {[%emt 0:04:03]} 22. h3 {[%emt 0:02:50]} Kg7 {[%emt 0:04:12]} 23. a4 {[%emt 0:00:49]} f5 {[%emt 0:00:35]} 24. a5 {[%emt 0:00:51]} fxe4 {[%emt 0:00:33]} 25. fxe4 {[%emt 0:00:36]} Rf4 {[%emt 0:02:03]} 26. a6 {[%emt 0:02:13]} Rxe4+ {[%emt 0:00:29]} 27. Bxe4 {[%emt 0:01:03]} Rxa7 {[%emt 0:00:04]} 28. Rb7 {[%emt 0:00:16]} Rxb7 {[%emt 0:01:03]} 29. Bxb7 {[%emt 0:00:36]} 1-0

[Event "NOR-ch Clubs 2017"]
[Site "Kristiansund"]
[Date "2017.10.22"]
[Round "6"]
[White "Dahl, Trygve"]
[Black "Christiansen, Johan-Sebastian"]
[Result "0-1"]
[WhiteElo "2193"]
[BlackElo "2462"]
[Annotator "TA"]
[PlyCount "70"]
[EventDate "2017.??.??"]
[EventType "team-tourn"]
[EventCountry "NOR"]
[SourceTitle "playchess.com"]
[Source "ChessBase"]
[SourceQuality "1"]

{[%evp 17,70,10,16,-2,0,0,0,-2,9,0,11,26,20,0,0,-43,-12,-33,-37,-45,-28,-91,-101,-168,-173,-315,-330,-320,-323,-307,-258,-266,-260,-272,-248,-293,-287,-297,-299,-274,-222,-293,-293,-308,-295,-288,-270,-373,-379,-427,-356,-341,-335,-587,-587]} 1. e4 c5 2. Nf3 Nf6 3. Nc3 d6 4. Be2 a6 5. a4 g6 6. O-O Bg7 7. d4 cxd4 8. Nxd4 Nc6 {[%cal Bb8c6,Bc6a5,Ba5c4][%mdl 32]} 9. Be3 O-O 10. Kh1 {B90: Sicilian Najdorf: Unusual White 6th moves, 6 Be3 Ng4 and 6 Be3 e5} (10. Qd2 Rb8 11. h3 Bd7 12. Rfd1 Qc7 13. Nb3 {½-½ (13) Grischuk,A (2783)-Vachier Lagrave,M (2804) Tbilisi 2017}) 10... Bd7 11. f3 Rc8 12. Qd2 {The position is equal.} Na5 13. Nb3 $146 ({Predecessor:} 13. Rfd1 Nc4 14. Bxc4 Rxc4 15. a5 Qc8 16. Nb3 Be6 17. Rdc1 Nd7 18. Bd4 Bxd4 19. Nxd4 Ne5 {1-0 (48) Markantonaki,H (1850)-Karteri,D (1780) Athens 2001}) 13... Nc4 14. Bxc4 $1 Rxc4 15. Qd3 Rc8 16. Rae1 Qc7 17. a5 Be6 18. Bb6 Qc4 $36 {[%mdl 2048] Black has some pressure.} 19. Qd2 (19. Qe3 $11 {remains equal.}) 19... Qb4 $17 20. Nd4 (20. Bd4 $17) 20... Nd7 $19 21. Rd1 (21. Ba7 {might work better.}) 21... Nxb6 22. axb6 {intending Nd5.} Qxb2 23. Nce2 Qxb6 24. Rb1 Qc7 25. Nxe6 fxe6 {[%cal Bf7e6,Be6e5][%mdl 32]} 26. Nd4 Qc4 27. c3 b5 28. Rfc1 e5 29. Nb3 Rc7 30. Na5 Qf7 31. Rc2 Rfc8 32. Rbc1 Qf4 {[#] White must now prevent ...Qxd2.} 33. Qd5+ Kh8 {Threatens to win with ...Rxc3!} 34. Qd3 Bh6 35. Nb3 $2 (35. Re1 {only move.}) 35... Qe3 {Precision: White = 29%, Black = 76%.} 0-1